Canada : (Record no. 34946)
[ view plain ]
| 000 -LEADER | |
|---|---|
| fixed length control field | 00896nam a2200301 i 4500 |
| 001 - CONTROL NUMBER | |
| control field | 34946 |
| 003 - CONTROL NUMBER IDENTIFIER | |
| rucl marc code | BD-RjUL |
| 005 - DATE AND TIME OF LATEST TRANSACTION | |
| control field | 20211209052233.0 |
| 008 - FIXED-LENGTH DATA ELEMENTS--GENERAL INFORMATION | |
| fixed length control field | 140520s1976 onc b 000 0 eng |
| 020 ## - INTERNATIONAL STANDARD BOOK NUMBER | |
| International Standard Book Number | 0773021620 : |
| 035 ## - SYSTEM CONTROL NUMBER | |
| System control number | (BD-RjUL)35040 |
| 040 ## - CATALOGING SOURCE | |
| Original cataloging agency | DLC |
| Transcribing agency | DLC |
| Modifying agency | DLC |
| -- | BD-RjUL |
| Language of cataloging | eng |
| 041 ## - LANGUAGE CODE | |
| Language code of text/sound track or separate title | eng |
| 082 00 - DEWEY DECIMAL CLASSIFICATION NUMBER | |
| Classification number | 309.171064 |
| Author mark and year | CAN 1976 |
| 100 1# - MAIN ENTRY--PERSONAL NAME | |
| Dates associated with a name | - |
| 9 (RLIN) | 106378 |
| 245 10 - TITLE STATEMENT | |
| Title | Canada : |
| Remainder of title | a sociological profile / |
| Statement of responsibility, etc. | edited by W. E. Mann, Les Wheatcroft. |
| 250 ## - EDITION STATEMENT | |
| Edition statement | 3rd ed. |
| 260 ## - PUBLICATION, DISTRIBUTION, ETC. (IMPRINT) | |
| Place of publication, distribution, etc. | Toronto : |
| Name of publisher, distributor, etc. | Copp Clark Pub., |
| Date of publication, distribution, etc. | 1976. |
| 300 ## - PHYSICAL DESCRIPTION | |
| Pagination | 365 p. ; |
| Size | 24 cm. |
| 500 ## - GENERAL NOTE | |
| General note | Appendix (p. 364-365): War Measures Act. |
| 504 ## - BIBLIOGRAPHY, ETC. NOTE | |
| Bibliography, etc | Includes bibliographies. |
| 651 #0 - SUBJECT ADDED ENTRY--GEOGRAPHIC NAME | |
| Geographic name | Canada |
| General subdivision | Social conditions. |
| 9 (RLIN) | 85824 |
| 700 1# - ADDED ENTRY--PERSONAL NAME | |
| Personal name | Wheatcroft, Les, |
| Dates associated with a name | 1946- |
| Personal name | Mann, W. E. |
| Fuller form of name | (William Edward), |
| 942 ## - ADDED ENTRY ELEMENTS (KOHA) | |
| Source of classification or shelving scheme | Dewey Decimal Classification |
| Koha item type | Books |
| Lost status | Source of classification or shelving scheme | Damaged status | Not for loan | Collection code | Permanent Location | Current Location | Shelving location | Date acquired | Source of acquisition | Cost, normal purchase price | Total Checkouts | Full call number | Date last seen | Copy number | Koha item type |
|---|---|---|---|---|---|---|---|---|---|---|---|---|---|---|---|
| Dewey Decimal Classification | Not For Loan | Non-fiction | Central Library, University of Rajshahi | Central Library, University of Rajshahi | Reading Room | 13/08/1991 | Canada | 0.00 | 309.171064 CAN 1976 | 20/05/2014 | C-1 | Books |